Turing's Man : Western culture in the computer age
Shranjeno v:
| Glavni avtor: | |
|---|---|
| Format: | Knjiga |
| Jezik: | Undetermined |
| Izdano: |
The United States of America
The University of North Carolina Press
1984
|
| Teme: | |
| Oznake: |
Označite
Brez oznak, prvi označite!
|
| Thư viện lưu trữ: | Trung tâm Học liệu Trường Đại học Cần Thơ |
|---|
| LEADER | 00569nam a2200193Ia 4500 | ||
|---|---|---|---|
| 001 | CTU_84092 | ||
| 008 | 210402s9999 xx 000 0 und d | ||
| 082 | |a 303.4 | ||
| 082 | |b B694 | ||
| 100 | |a Bolter, J. David | ||
| 245 | 0 | |a Turing's Man : | |
| 245 | 0 | |b Western culture in the computer age | |
| 245 | 0 | |c J. David Bolter | |
| 260 | |a The United States of America | ||
| 260 | |b The University of North Carolina Press | ||
| 260 | |c 1984 | ||
| 650 | |a Computer and civilization | ||
| 904 | |i QHieu(sửa) | ||
| 980 | |a Trung tâm Học liệu Trường Đại học Cần Thơ | ||